000 00795pam a2200241 a 4500
001 2582312
005 20180221050307.0
008 961216s1997 nhu b 000 0 eng
010 _a 96053181
020 _a0435072374
040 _aDLC
_cDLC
_dDLC
041 _aeng
042 _alcac
080 _a372.47 OLI
082 0 0 _a372.47 OLI
_221
100 1 _a48
101 _aEDU
245 1 0 _aMosaic of thought :
_cEllin Oliver Keene & Susan Zimmermann.
504 _aIncludes bibliographical references (p. 253-255).
906 _a7
_bcbu
_corignew
_d1
_eocip
_f19
_gy-gencatlg
942 _2ddc
_cBK
999 _c43029
_d43029